|
|
|
|
| LEADER |
00969nam a22002297a 4500 |
| 001 |
AAL4314 |
| 003 |
BD-DhAAL |
| 005 |
20160420121906.0 |
| 008 |
160420s 2004bg ||||| |||| 00| 0 ben d |
| 020 |
|
|
|a 984522018
|
| 040 |
|
|
|a BD-DhAAL
|c BD-DhAAL
|
| 082 |
|
|
|a 324.22
|
| 100 |
|
|
|a আরা, জেসমিন
|9 19143
|
| 245 |
|
|
|a বাংলাদেশের রাজনীতিতে নারী নেতৃত্ব /
|c জেসমিন আরা
|
| 260 |
|
|
|a ঢাকা :
|b নারীকেন্দ্র,
|c ২০০৪
|
| 300 |
|
|
|a ১২০ পৃ. :
|b চিত্র ;
|c ২২ সে.মি.
|
| 541 |
|
|
|e 4314
|
| 650 |
|
|
|a নারী
|x রাজনৈতিক ক্রিয়াকলাপ
|9 19144
|
| 852 |
|
|
|a Savar Campus Library
|c General Shelf
|
| 942 |
|
|
|2 ddc
|c BK
|
| 999 |
|
|
|c 37444
|d 37444
|
| 952 |
|
|
|0 0
|1 0
|2 ddc
|4 0
|6 324_220000000000000_ARA
|7 0
|9 58801
|a SCL
|b SCL
|c GEN
|d 2016-04-20
|g 100.00
|l 0
|o 324.22 ARA
|p 3020004314
|r 2016-04-20
|t 1
|w 2016-04-20
|y BK
|